Sports Quiz

Random Sports or WWE Quiz

Famous Wrestlers by Picture Quiz Stats

 Plays Quiz Updated May 3, 2017

Support Sporcle.
Go Orange.
Score 0/20 Timer 06:00
26 Plays Today
Number Wrestler % Correct
The Rock
98%
Hulk Hogan
97.7%
Andre the Giant
92.5%
Steve Austin
90.1%
The Undertaker
89.7%
John Cena
89.1%
Randy Savage
83.6%
Ric Flair
83.6%
Triple H
82.5%
Sting
78.7%
Number Wrestler % Correct
Vince McMahon
78.2%
Bret Hart
76.2%
Mankind
74.7%
The Ultimate Warrior
73.9%
Shawn Michaels
72.5%
Chris Jericho
69.7%
Roddy Piper
67%
CM Punk
66.5%
Mr. Perfect
60.4%
Jesse Ventura
38.4%

You're not logged in!

Compare scores with friends on all Sporcle quizzes.
OR
Log In
Forgot?

From the Vault

50 Winningest NBA Players

by mlarsen

We really enjoyed this quiz, but once we thought about how much running and jumping was involved, it made us sleepy.
Remove Ads.
Support Sporcle.
Get the best of Sporcle when you Go Orange. This ad-free experience offers more features, more stats, and more fun while also helping to support Sporcle. Thank you for becoming a member.

Show Comments

Extras

Top Quizzes Today


Score Distribution

Your Account Isn't Verified!

In order to create a playlist on Sporcle, you need to verify the email address you used during registration. Go to your Sporcle Settings to finish the process.

Report this User

Report this user for behavior that violates our Community Guidelines.

Details: